LEADER 00925nam0-22002771i-450- 001 990007757370403321 035 $a000775737 035 $aFED01000775737 035 $a(Aleph)000775737FED01 035 $a000775737 100 $a20021010d--------km-y0itay50------ba 101 0 $aita 200 1 $a<>leasing immobiliare.Aspetti giuridici, finanziari, fiscali e contabili. Prospettive di sviluppo in Italia$fGiorgio Fossati. 210 $aMilano$cPirola$d1991. 215 $aVIII, 207 p.$d24 cm 300 $aIn coop. : Amministrazione. Finanza. Controllo 676 $a346.02 700 1$aFossati,$bGiorgio$074307 801 0$aIT$bUNINA$gRICA$2UNIMARC 901 $aBK 912 $a990007757370403321 952 $a16-E-83$b5848$fDDCP 959 $aDDCP 996 $aLeasing immobiliare.Aspetti giuridici, finanziari, fiscali e contabili. Prospettive di sviluppo in Italia$9667612 997 $aUNINA DB $aGEN01 LEADER 01005nam--2200349---450- 001 990001506560203316 005 20040528162934.0 035 $a000150656 035 $aUSA01000150656 035 $a(ALEPH)000150656USA01 035 $a000150656 100 $a20040316d1963----km-y0itay0103----ba 101 $aeng 102 $aGB 105 $a||||||||001yy 200 1 $aDigenes Akrites$fedited with an introduction transaltion and commentary by John Maurogordate 210 $aOxford$cAt the Clarendon Press$d1963 215 $aLXXXIV, 274 p.$d23 cm 410 0$12001 454 1$12001 461 1$1001-------$12001 702 1$aMAUROGORDATE,$BJohn 801 0$aIT$bsalbc$gISBD 912 $a990001506560203316 951 $aVIII A 62/49$b21512 L.M.$cVIII A 959 $aBK 969 $aUMA 979 $aSIAV9$b10$c20040316$lUSA01$h1215 979 $aPATRY$b90$c20040406$lUSA01$h1745 979 $aSIAVER$b90$c20040528$lUSA01$h1629 996 $aDigenes Akrites$9137042 997 $aUNISA